000 02255nam a22003617a 4500
001 101789
003 KnowledgeUnlatched
005 20210303105305.0
006 m o d
007 cr u||||||||||
008 210129p20152018gw o u00| u eng d
037 _5BiblioBoard
245 0 0 _aSocial and Economic Conditions of Student Life in Europe
_bSynopsis of indicators. Eurostudent V 2012-2015 /
_cKristina Hauschildt.
020 _a9783763955213
024 8 _ahttps://doi.org/10.3278/6001920bw
029 1 _ahttps://library.biblioboard.com/ext/api/media/0b6210a8-9cb0-4caf-b7c6-fded412f22c4/assets/thumbnail.jpg
040 _aScCtBLL
_cScCtBLL
100 1 _aHauschildt, Kristina
_eauthor.
264 1 _bW. Bertelsmann Verlag,
300 _a1 online resource (261 p.)
506 0 _aAccess copy available to the general public.
_fUnrestricted
_2star
520 _aThe EUROSTUDENT V - Synopsis of Indicators is the central publication of the EUROSTUDENT project and the result of the collaboration of a European-wide network including researchers, data collectors, representatives of national ministries, and other stakeholders. It comprises data from student surveys conducted in 29 countries in the European Higher Education Area during the fifth round of the EUROSTUDENT project. Adopting a broad, comparative perspective, the EUROSTUDENT V - Synopsis of Indicators provides information on topic areas such as access to higher education, study conditions, as well as international student mobility, assessment of studies, and future plans with the aim of inspiring policy debates and laying the ground for further research.
588 0 _aDescription based on print version record.
590 _aKU Open Services
650 7 _aPolitical Science
_2bisacsh
650 0 _aPolitical science
655 0 _aElectronic books.
758 _iIs found in:
_aKnowledge Unlatched
_1https://openresearchlibrary.org/module/2774bc74-146a-484f-a7ba-ab1d6a09bbfb
856 4 0 _uhttps://openresearchlibrary.org/content/0b6210a8-9cb0-4caf-b7c6-fded412f22c4
_zView this content on Open Research Library.
_70
999 _c34089
_d34089